Normal view
MARC view
Entry Topical Term
001 - CONTROL NUMBER
- control field: 37555
003 - CONTROL NUMBER IDENTIFIER
- control field: OSt
005 - DATE AND TIME OF LATEST TRANSACTION
- control field: 20240305145654.0
008 - FIXED-LENGTH DATA ELEMENTS
- fixed length control field: 240305|| aca||aabn | a|a d
040 ## - CATALOGING SOURCE
- Original cataloging agency: OSt
- Transcribing agency: OSt
150 ## - HEADING--TOPICAL TERM
- Topical term or geographic name entry element: Ethnic comflict
- Geographic subdivision: Myanmar
670 ## - SOURCE DATA FOUND
- Source citation: Work cat.: (OSt): South, Ashley 6713, Civil society in Burma :, 2008.